| 000 | 01860cab a2200289 4500 | ||
|---|---|---|---|
| 001 | ABS60000 | ||
| 008 | 090401t1999 xxu||||| |||| 00| 0 eng d | ||
| 035 | _a(Sirsi) u90751 | ||
| 041 | _aeng | ||
| 245 | _aNynehead Developments Ltd v RH Fibreboard Containers Ltd and others | ||
| 260 | _c1999 | ||
| 350 | _a0 | ||
| 490 |
_aEstates Gazette Law Reports _v[1999] 02 EG 139-146(8) |
||
| 520 | _aChD 19 October 1998. In September 1982, the plaintiff landlord (N) granted the first defendant tenant (R) a 23-year lease on commercial premises consisting of three units. This granted rights to use a shared forecourt and an exclusive right to park vehicles on part of the forecourt for loading and unloading; and contained a covenant for quiet enjoyment on the part of the landlord. In 1993 and 1995 two further units were let to F and C on the same terms. F and C, in breach of their covenants, continually parked their vehicles on the forecourt, causing annoyance to R. N and R entered into correspondence regarding this, but no satisfactory conclusion was reached. In July 1996 R vacated the premises and in June 1997 withheld rent due to N. N issued proceedings claiming arrears of rent, the defendants contended that the landlord was in repudiatory breach, in authorising and encouraging the commission of a serious nuisance."Held" the claim for rent allowed and the counterclaim dismissed. | ||
| 650 | _aBREACH OF COVENANT | ||
| 650 | _aCOMMERCIAL LEASES | ||
| 650 | _aCOVENANT FOR QUIET ENJOYMENT | ||
| 650 | _aDEROGATION FROM GRANT | ||
| 650 |
_aLANDLORD AND TENANT _96252 |
||
| 650 | _aNUISANCE | ||
| 650 | _aNYNEHEAD DEVELOPMENTS LTD V RH FIBREBOARD CONTAINERS LTD AND OTHERS | ||
| 650 | _aREPUDIATION | ||
| 650 | _aREPUDIATORY BREACH | ||
| 690 | _aLANDLORD AND TENANT-CASE LAW-BUSINESS TENANCIES | ||
| 942 | _n0 | ||
| 948 | _c18/01/1999 | ||
| 999 |
_c57549 _d57549 |
||